Los nervios del gobierno
Zapisane w:
| 1. autor: | |
|---|---|
| Format: | Książka |
| Język: | hiszpański |
| Wydane: |
Buenos Aires
Paidós
1969
|
| Seria: | Biblioteca de Psicología Social y Sociológica, 41
|
| Hasła przedmiotowe: | |
| Etykiety: |
Dodaj etykietę
Nie ma etykietki, Dołącz pierwszą etykiete!
|
MARC
| LEADER | 00000nam a2200000 a 4500 | ||
|---|---|---|---|
| 001 | UCS0326 | ||
| 003 | CL-VaPUC | ||
| 008 | 970418e19690000AG |||||||||||||||||spa|d | ||
| 082 | 0 | 4 | |a 320.01 |b DEU |2 21 |
| 100 | |a Deutsch, Karl W |e author |9 378898 | ||
| 245 | 1 | 4 | |a Los nervios del gobierno |
| 246 | 1 | 0 | |a Modelos de comunicación y control politicos |
| 300 | |a 274 p | ||
| 942 | |c BK | ||
| 945 | |d 19970418 00:00:00 |a lriquelm | ||
| 260 | |a Buenos Aires |b Paidós |c 1969 | ||
| 650 | 0 | |a Ciencias Políticas |9 255201 | |
| 650 | 0 | |a Comunicación social |9 334226 | |
| 650 | 0 | |a Comunicación |9 257251 | |
| 650 | 0 | |a Política |9 255312 | |
| 650 | 0 | |a Política gubernamental |9 262286 | |
| 650 | 0 | |a Política de la comunicación |9 334449 | |
| 583 | |a last modification |c 19970418 00:00:00 |k Rodrigo Vera | ||
| 490 | 0 | |a Biblioteca de Psicología Social y Sociológica, 41 | |
| 999 | |c 258558 |d 258556 | ||
| 952 | |0 0 |1 0 |4 0 |6 320_010000000000000_DEU_1969 |7 0 |8 A |9 282741 |a BIBDER |b BIBDER |d 2019-11-19 |i 182581K |o 320.01 DEU 1969 |p 182581K |r 2023-01-25 |w 2019-11-19 |y BK |k DER | ||